[Event "Domloup op-A"]
[Site "Domloup"]
[Date "2013.08.30"]
[Round "2"]
[White "Serralta, Michel"]
[Black "Mahe, Romain"]
[Result "0-1"]
[WhiteElo "2087"]
[BlackElo "1957"]
[PlyCount "83"]
[EventDate "2013.08.30"]
[EventType "swiss"]
[EventRounds "5"]
[EventCountry "FRA"]
[SourceTitle "CBM 156 Extra"]
[Source "ChessBase"]
[SourceDate "2013.10.22"]
[SourceVersion "1"]
[SourceVersionDate "2013.10.22"]
[SourceQuality "1"]

1. d4 d5 2. c4 Bf5 3. Nc3 e6 4. Nf3 Nc6 5. Bf4 Nf6 6. e3 Bd6 7. c5 Bxf4 8. exf4 0-0 9. Bb5 Bg4 10. Bxc6 bxc6 11. h3 Bxf3 12. Qxf3 Qb8 13. 0-0-0 a5 14. Rhe1 Qb7 15. g4 Rfb8 16. Rd2 a4 17. g5 Nd7 18. f5 Nf8 19. f6 a3 20. b3 Qb4 21. fxg7 Ng6 22. Re3 Nh4 23. Qg4 Nf5 24. Red3 Nxg7 25. h4 e5 26. h5 exd4 27. Ne2 Qxc5+ 28. Kb1 Qc4 29. g6 fxg6 30. hxg6 hxg6 31. Qxg6 Qc5 32. Rh3 Qe7 33. Qh7+ Kf7 34. Rf3+ Ke8 35. Ng3 Qe1+ 36. Kc2 Qa1 37. Qg8+ Kd7 38. Rf7+ Kd6 39. Qxg7 Qxa2+ 40. Kd1 Qxb3+ 41. Rc2 Qd3+ 42. Kc1 0-1

[Event "Brest op"]
[Site "Brest"]
[Date "2011.04.23"]
[Round "1"]
[White "Berthou, Patrick"]
[Black "Serralta, Michel"]
[Result "0-1"]
[WhiteElo "1636"]
[BlackElo "2076"]
[PlyCount "50"]
[EventDate "2011.04.23"]
[EventType "swiss"]
[EventRounds "5"]
[EventCountry "FRA"]
[SourceTitle "EXT 2012"]
[Source "ChessBase"]
[SourceDate "2011.11.24"]
[SourceVersion "1"]
[SourceVersionDate "2011.11.24"]
[SourceQuality "1"]

1. d4 Nf6 2. c4 g6 3. Nc3 d5 4. Nf3 Bg7 5. Bf4 0-0 6. Nxd5 Nxd5 7. cxd5 Qxd5 8. e3 c5 9. Qa4 cxd4 10. Rd1 e5 11. Bc4 Qd7 12. Qxd7 Nxd7 13. Bg3 Nb6 14. Bb5 Bg4 15. exd4 e4 16. h3 Bh5 17. Bd6 Rfd8 18. Bc7 exf3 19. g4 Rd5 20. a4 a6 21. Bxb6 axb5 22. a5 Re8+ 23. Kf1 Re2 24. b4 Rb2 25. gxh5 Bxd4 0-1

[Event "Rohde op 10th"]
[Site "Sautron"]
[Date "2010.10.23"]
[Round "1"]
[White "Stets, Dmitry"]
[Black "Serralta, Michel"]
[Result "1-0"]
[WhiteElo "2454"]
[BlackElo "2093"]
[PlyCount "69"]
[EventDate "2010.10.23"]
[EventType "swiss"]
[EventRounds "9"]
[EventCountry "FRA"]
[SourceTitle "EXT 2012"]
[Source "ChessBase"]
[SourceDate "2011.11.24"]
[SourceVersion "1"]
[SourceVersionDate "2011.11.24"]
[SourceQuality "1"]

1. e4 c5 2. Nf3 Nc6 3. Nc3 e5 4. Bc4 d6 5. 0-0 Be7 6. d3 Nf6 7. Ng5 0-0 8. f4 Bg4 9. Qd2 h6 10. Nf3 exf4 11. Qxf4 Ne5 12. Nxe5 dxe5 13. Qg3 Qd7 14. Nd5 Nxd5 15. Bxd5 Kh7 16. Bxf7 Bd6 17. Be3 Rxf7 18. Rxf7 Qxf7 19. Qxg4 Rf8 20. Qe2 b6 21. b3 Qg6 22. Rf1 Rxf1+ 23. Qxf1 Be7 24. Qf5 Qxf5 25. exf5 h5 26. Kf2 g6 27. fxg6+ Kxg6 28. Kf3 Kf5 29. a4 a6 30. c4 Ke6 31. Ke4 a5 32. g3 h4 33. gxh4 Bxh4 34. Bd2 Bf2 35. Bc3 1-0

[Event "Angers op 3rd"]
[Site "Angers"]
[Date "2008.04.25"]
[Round "2"]
[White "Prevel, Jean"]
[Black "Serralta, Michel"]
[Result "1/2-1/2"]
[WhiteElo "1971"]
[BlackElo "2141"]
[PlyCount "67"]
[EventDate "2008.04.25"]
[EventType "swiss"]
[EventRounds "6"]
[EventCountry "FRA"]
[SourceTitle "CBM 123 Extra"]
[Source "ChessBase"]
[SourceDate "2008.05.06"]
[SourceVersion "1"]
[SourceVersionDate "2008.05.06"]
[SourceQuality "1"]

1. e4 c5 2. d4 cxd4 3. c3 dxc3 4. Nxc3 Nc6 5. Nf3 d6 6. Bc4 e6 7. 0-0 Nf6 8. Qe2 Be7 9. Rd1 e5 10. h3 0-0 11. Be3 Be6 12. Bb5 Bd7 13. Bg5 a6 14. Bxc6 bxc6 15. Rd2 Ne8 16. Be3 f5 17. exf5 Rxf5 18. Rad1 d5 19. g4 Rxf3 20. Qxf3 d4 21. Bxd4 exd4 22. Rxd4 Ra7 23. Qd3 Nf6 24. g5 Bc5 25. Qc4+ Nd5 26. Rxd5 Bxf2+ 27. Kxf2 cxd5 28. Qxd5+ Kh8 29. Ne4 Qb8 30. Qd6 Rc7 31. Rd2 Kg8 32. Qd5+ Kh8 33. Qd6 Kg8 34. Qd5+ 1/2-1/2

[Event "Angers op 2nd"]
[Site "Angers"]
[Date "2007.04.15"]
[Round "6.9"]
[White "Serralta, Michel"]
[Black "Delaitre, Frederic"]
[Result "1-0"]
[WhiteElo "2167"]
[BlackElo "1899"]
[PlyCount "45"]
[EventDate "2007.04.13"]
[EventType "swiss"]
[EventRounds "6"]
[EventCountry "FRA"]
[SourceTitle "CBM 117 Extra"]
[Source "ChessBase"]
[SourceDate "2007.05.09"]
[SourceVersion "1"]
[SourceVersionDate "2007.05.09"]
[SourceQuality "1"]

1. e4 e6 2. d4 d5 3. Nc3 Nf6 4. Bg5 Be7 5. e5 Nfd7 6. h4 a6 7. Qg4 Kf8 8. Nf3 c5 9. dxc5 Nxc5 10. Bxe7+ Kxe7 11. Qxg7 Qf8 12. Qg5+ Ke8 13. 0-0-0 Nc6 14. Nd4 Rg8 15. Qe3 Nxd4 16. Rxd4 b5 17. Bd3 Nxd3+ 18. Rxd3 Rxg2 19. Qf3 Qg7 20. Nxd5 Ra7 21. Nf6+ Ke7 22. Qc6 Qh8 23. Qd6# 1-0

[Event "FRA-chT3 Gr5 "]
[Site "Bretagne"]
[Date "2006.??.??"]
[Round "5.3"]
[White "Noblet, Renald"]
[Black "Serralta, Michel"]
[Result "1/2-1/2"]
[WhiteElo "2003"]
[BlackElo "2114"]
[PlyCount "119"]
[EventDate "2006.??.??"]
[EventType "team"]
[EventRounds "9"]
[EventCountry "FRA"]
[SourceTitle "EXT 2007"]
[Source "ChessBase"]
[SourceDate "2006.11.23"]
[SourceVersion "1"]
[SourceVersionDate "2006.11.23"]
[SourceQuality "1"]

1. e4 c5 2. Nf3 Nc6 3. d4 cxd4 4. Nxd4 Nf6 5. Nc3 d6 6. Be2 e5 7. Nf3 h6 8. 0-0 Be7 9. h3 0-0 10. Be3 Be6 11. a3 d5 12. exd5 Nxd5 13. Nxd5 Bxd5 14. c4 Be6 15. Qxd8 Rfxd8 16. b4 e4 17. Nd2 f5 18. Nb3 Bf6 19. Rab1 Ne5 20. Rfc1 Bf7 21. c5 Nd3 22. Rd1 f4 23. Bxd3 fxe3 24. Be2 exf2+ 25. Kxf2 Bg6 26. Bc4+ Kh7 27. Ke2 e3 28. Bd3 Bxd3+ 29. Rxd3 Rxd3 30. Kxd3 Bg5 31. a4 Rd8+ 32. Ke2 Kg6 33. Rf1 Rd5 34. h4 Bxh4 35. Kxe3 Bf6 36. Ke4 Rg5 37. b5 Rg4+ 38. Kd5 Rb4 39. Rf3 Rxa4 40. c6 bxc6+ 41. bxc6 Bd8 42. Rc3 Bc7 43. Ke6 Rg4 44. Kd7 Bb6 45. g3 h5 46. c7 Bxc7 47. Kxc7 Kf6 48. Kd6 g5 49. Rf3+ Kg6 50. Ke5 Rb4 51. Nd4 Rb6 52. Rf2 h4 53. gxh4 gxh4 54. Rf8 Kg5 55. Nf3+ Kg4 56. Nxh4 a5 57. Kd4 a4 58. Kc3 a3 59. Ra8 Kxh4 60. Rxa3 1/2-1/2